|
|
|
|
| LEADER |
00771ncm a22002412a 4500 |
| 001 |
001082973 |
| 003 |
CZ BrMZK |
| 005 |
20101012091001.0 |
| 007 |
qu |
| 008 |
100119s1946 xr |||||||||||||||||cze d |
| 040 |
|
|
|a BOA001
|b cze
|
| 072 |
|
7 |
|a 784
|x Vokální hudba
|2 Konspekt
|9 9
|
| 100 |
1 |
|
|a Varga, Ladislav,
|d 1914-1961
|7 mzk2010599133
|4 cmp
|
| 245 |
1 |
0 |
|a Vyřezané srdíčko
|h [hudebnina] ;
|b Vyber si písničku /
|c Ladislav Varga
|
| 260 |
|
|
|a Praha :
|b Plzák,
|c [1946?]
|
| 300 |
|
|
|a 13 hlasů
|
| 490 |
1 |
|
|a Univezální orchestr
|
| 740 |
0 |
2 |
|a Vyber si písničku
|
| 830 |
|
0 |
|a Univerzální orchestr
|
| 910 |
|
|
|a BOA001
|b Mus2-0579.403
|
| 990 |
|
|
|a MU
|
| 991 |
|
|
|b 201001
|
| 996 |
6 |
|
|b 2619439920
|c Mus2-0579.403
|l MZK
|r Sklad / do 1 hodiny
|n 0
|w 001105466
|u 000010
|a 1
|e BOA001
|j MZK50
|s P
|